Wszystkie marki samochodów - Statystyki

Ogólne statystyki
  • Ten quiz został rozwiązany 1 398 razy
    1 359 od ostatniego zresetowania
  • Średni wynik to 32 z 101
Statystyki odpowiedzi
Kraj Marka % Poprawnych
Niemcy BMW
95%
Niemcy Audi
93%
Niemcy Mercedes
89%
Włochy Fiat
80%
Niemcy Opel
80%
Włochy Ferrari
79%
Stany Zjednoczone Ford
79%
Włochy Lamborghini
79%
Niemcy Volkswagen
79%
Japonia Toyota
77%
Japonia Honda
73%
Czechy Skoda
73%
Stany Zjednoczone Dodge
69%
Szwecja Volvo
69%
Korea Południowa Hyundai
68%
Japonia Nissan
65%
Stany Zjednoczone Chevrolet
64%
Francja Citroen
64%
Francja Peugeot
62%
Francja Renault
60%
Hiszpania Seat
58%
Japonia Mazda
57%
Francja Bugatti
55%
Rumunia Dacia
55%
Korea Południowa Kia
55%
Włochy Alfa Romeo
52%
Japonia Suzuki
52%
Japonia Mitsubishi
51%
Niemcy Porshe
51%
Wielka Brytania Bentley
49%
Stany Zjednoczone Tesla
49%
Japonia Subaru
47%
Wielka Brytania Jaguar
46%
Wielka Brytania Aston Martin
45%
Stany Zjednoczone Jeep
44%
Rosja Łada
42%
Włochy Maserati
42%
Japonia Lexus
39%
Wielka Brytania Rolls Royce
39%
Wielka Brytania Land Rover
37%
Wielka Brytania Mini
37%
Wielka Brytania McLaren
36%
Stany Zjednoczone Cadillac
35%
Szwecja Saab
35%
Szwecja Koenigsegg
31%
Hiszpania Cupra
30%
Włochy Pagani
28%
Stany Zjednoczone RAM
28%
Japonia Infiniti
27%
Stany Zjednoczone Chrysler
25%
Stany Zjednoczone GMC
22%
Włochy Lancia
22%
Stany Zjednoczone Acura
21%
Stany Zjednoczone Pontiac
21%
Szwecja Scania
21%
Korea Południowa Daewoo
20%
Wielka Brytania Lotus
18%
Włochy Abarth
17%
Stany Zjednoczone Lincoln
17%
Stany Zjednoczone Buick
15%
Francja Alpine
14%
Chorwacja Rimac
14%
Wielka Brytania MG
13%
Rosja GAZ
10%
Australia Holden
10%
Stany Zjednoczone Hummer
10%
Korea Południowa SsangYong
10%
Czechy Tatra
10%
Niemcy Apollo
9%
Austria KTM
8%
Ukraina Zaporożec
8%
Wielka Brytania Vauxhall
7%
Dania Zenvo
7%
Stany Zjednoczone Hennessey
6%
Stany Zjednoczone Plymouth
6%
Stany Zjednoczone Shelby
6%
Stany Zjednoczone AMC
5%
Japonia Datsun
5%
Stany Zjednoczone OldsMobile
5%
Wielka Brytania TVR
4%
Wielka Brytania Ariel
3%
Wielka Brytania Morgan
3%
Stany Zjednoczone Polaris
3%
Wielka Brytania Caterham
2%
Stany Zjednoczone DeLorean
2%
Stany Zjednoczone Mayers
2%
Wielka Brytania Morris
2%
Wielka Brytania Peel
2%
Stany Zjednoczone Saleen
2%
Kanada Can-am
1%
Stany Zjednoczone Deberti
1%
Stany Zjednoczone Exomotive
1%
Stany Zjednoczone Hoonigan
1%
Australia HSV
1%
Wielka Brytania LOLA
1%
Stany Zjednoczone Penhall
1%
Wielka Brytania Reliant
1%
Stany Zjednoczone Rivan
1%
Wielka Brytania Ultima
1%
Meksyk Vuhl
1%
Stany Zjednoczone Rossion
0%
Nie znaleziono quizów pasujących do podanych kryteriów
Rozkład punktacji
Procent ludzi z każdym wynikiem
Percentyl według liczby udzielonych odpowiedzi
Twoja historia wyników
Nie rozwiązałeś tego quizu od ostatniego zresetowania